Bundesländer, die an kein Nachbarland Deutschlands grenzen - Statistiken

Allgemein
  • Dieses Quiz wurde 118 mal gespielt
  • Das Durchschnittsergebnis liegt bei 6 aus 6
Antwortstatistiken
# Bundesland % Korrekt
1. Berlin
99%
3. Hamburg
99%
2. Bremen
98%
5. Sachsen-Anhalt
98%
6. Thüringen
97%
4. Hessen
96%
Keine übereinstimmenden Quizze gefunden
Verteilung der Resultate
Anzahl Personen mit jedem Resultat
Perzentil nach korrekt beantworteten Fragen
Ihre Resultats-Entwicklung
Sie haben dieses Quiz noch nicht gespielt